000 00993cab a2200277 4500
001 ABS53880
008 090401t1995 xxu||||| |||| 00| 0 eng d
035 _a(Sirsi) u7119
041 _aeng
245 _aDamages for inexact performance
260 _c1995
350 _a0
490 _aEstates Gazette
_v(9545) 11 November 1995, 121-122(2)
520 _aA `mainly for students` article which explains what damages a contractor is liable to pay if they fail to complete according to specification. With reference to several cases.
650 _aCONTRACT SPECIFICATION
650 _aCOST OF REINSTATEMENT
650 _aEAST HAM CORPORATTION V BERNARD SUNLEY AND SONS LTD
650 _aIMODCO LTD V WIMPEY MAJOR PROJECTS LTD
650 _aLOSS OF AMENITY
650 _aMEASURE OF DAMAGES
650 _aRUXLEY ELECTRONICS AND CONSTRUCTIONS LTD V FORSYTH
650 _aSPECIFICATIONS
690 _aBUILT ENVIRONMENT-BUILDING CONTRACT FORMS
942 _n0
948 _c04/03/1997
999 _c4253
_d4253